000
00318nam a2200133Ia 4500
008
231129s1967||||xx |||||||||||||| ||spa||
040
_b
spa
082
_a
658.8 M116c
100
_a
McCarthy E. Jerome
245
0
_a
Comercializacion : Un enfoque gerencial
260
_c
1967
264
_a
El Ateneo
942
_2
ddc
_c
BKS
999
_c
7427
_d
7427